Interference identification and excision (Record no. 9284)

MARC details
000 -LEADER
fixed length control field 00692nam a2200193Ia 4500
003 - CONTROL NUMBER IDENTIFIER
control field IN-BaIIA
008 - FIXED-LENGTH DATA ELEMENTS--GENERAL INFORMATION
fixed length control field 211028s9999 xx 000 0 eng d
040 ## - CATALOGING SOURCE
Transcribing agency IIA Library
080 ## - UNIVERSAL DECIMAL CLASSIFICATION NUMBER
Universal Decimal Classification number 52-77(063)
Item number FIS
100 ## - MAIN ENTRY--PERSONAL NAME
Personal name Fisher, J. Richard
9 (RLIN) 15613
245 #0 - TITLE STATEMENT
Title Interference identification and excision
Remainder of title a radio astronomy workshop, Green Bank, West Verginia, 21-22 Sept 1982
Statement of responsibility, etc. J. Richard Fisher
260 ## - PUBLICATION, DISTRIBUTION, ETC.
Name of publisher, distributor, etc. National Radio Astronomy Observatory
Date of publication, distribution, etc. 1982
300 ## - PHYSICAL DESCRIPTION
Extent 116p.
650 ## - SUBJECT ADDED ENTRY--TOPICAL TERM
Topical term or geographic name entry element Antennas (Electronics)
9 (RLIN) 15614
650 ## - SUBJECT ADDED ENTRY--TOPICAL TERM
Topical term or geographic name entry element Astronomy and astrophysics thesaurus
650 ## - SUBJECT ADDED ENTRY--TOPICAL TERM
Topical term or geographic name entry element Interference
9 (RLIN) 15615
650 ## - SUBJECT ADDED ENTRY--TOPICAL TERM
Topical term or geographic name entry element Radio astronomy
9 (RLIN) 2849
942 ## - ADDED ENTRY ELEMENTS (KOHA)
Koha item type Books
Holdings
Withdrawn status Lost status Damaged status Not for loan Home library Current library Shelving location Date acquired Total Checkouts Full call number Barcode Date last seen Price effective from Koha item type
        IIA Library-Bangalore IIA Library-Bangalore General Stacks     52-77(063)/ FIS 10191 05/11/2021   Books

Powered by Koha